01241nam a2200325Ia 4500001001200000003000800012006001900020007001500039008004100054015001500095020001500110040002100125035002100146050002300167082001600190100001900206245011100225260005400336300001600390490002700406533015200433650002500585651004400610651004400654655002900698710001700727830002800744856012600772999001700898ebr10082134CaPaEBRm u cr cn|||||||||030923s2003 enk s 000 0 eng d aGBA3-U2752 z0719067219 aCaPaEBRcCaPaEBR a(OCoLC)19192963614aJN900b.W38 2003eb04a320.9412211 aWatts, Duncan.10aUnderstanding US/UK government and politicsh[electronic resource] :ba comparative guide /cDuncan Watts. aManchester :bManchester University Press,c2003. avii, 333 p.1 aUnderstanding politics aElectronic reproduction.bPalo Alto, Calif. :cebrary,d2009.nAvailable via World Wide Web.nAccess may be limited to ebrary affiliated libraries. 0aPolitics, Practical. 0aGreat BritainxPolitics and government. 0aUnited StatesxPolitics and government. 7aElectronic books.2local2 aebrary, Inc. 0aUnderstanding politics.40uhttp://site.ebrary.com/lib/rucke/Doc?id=10082134zAn electronic book accessible through the World Wide Web; click to view c55272d55272